| 000 | 01345nam a2200241 a 4500 | ||
|---|---|---|---|
| 999 |
_c1490 _d1490 |
||
| 003 | AR-BaISA | ||
| 005 | 20231113115023.0 | ||
| 006 | aa|||fr|||| 000 0 | ||
| 007 | ta | ||
| 008 | 231113s2022 ag a|||f |||| 000 0 spa d | ||
| 020 | _a9789501239799 | ||
| 040 |
_bspa _cAR-BaISA |
||
| 082 | 0 | 4 |
_222 _a150.195 L115 |
| 100 | 1 |
_92316 _aLacan, Jacques _eaut. |
|
| 245 | 1 | 0 |
_aLibro 23: El Sinthome. 1975-1976 / _ctexto establecido por Jacques-Alain Miller |
| 260 |
_aBuenos Aires: _bPaidós, _c2022 |
||
| 300 |
_a244 p.: _bil. |
||
| 505 |
_tEL ESPÍRITU DE LOS NUDOS: _tDel uso lógico del sinthome, o Freud con Joyce -- _tDe lo que agujerea lo real -- _tDel nudo como soporte del sujeto -- _tLA PISTA DE JOYCE: _tJoyce y el enigma del zorro -- _t¿Joyce estaba loco? -- _tJoyce y las palabras impuestas -- _tLA INVENCIÓN DE LO REAL: _tDe una falacia que es testimonio de lo real -- _tDel sentido, del sexo y de lo real -- _tDe lo inconsciente a lo real -- _tPARA CONCLUIR: _tLa escritura del ego -- _tANEXOS: _tJoyce el Síntoma, Por Jacques Lacan -- _tPonencia en el Seminario de Jacques Lacan, por Jacques Aubert -- _tNotas de lectura, por Jacques Aubert -- _tNota paso a paso, por Jacques-Alain Miller |
||
| 600 | 1 | 0 |
_92316 _aLacan, Jacques |
| 650 | 1 | 4 |
_9141 _aPsicoanálisis |
| 700 |
_93031 _aMiller, Jacques-Alain _eaut. |
||
| 942 |
_2ddc _cLI _e22 |
||